00535nam a22001937a 450000500170000001000250001702000260004203500130006803500170008103500130009803700210011103700130013208200060014510000240015124500370017526000330021227000750024530000210032020170810145704.0 a1516EN07 ENG-114677 a9780143422587c225.00 aEN-98209 aB-604892-906 aB-666109 adplbPragati/Ven bDBAD/PUB aN aTiwari, Tina Sharma aWho,me? /cby Tina Sharma Tiwari bPenguin Booksc2015aGurgaon a7th Floor, Infinity Tower C, DLF Cyber CitybGurgaone122002, Haryana  a262p.c21cm(pbk)